| 000 | 01575nam0a2200349 4500 | ||
|---|---|---|---|
| 001 | RU\NLR\BIBL_A\022716703 | ||
| 005 | 20260402130321.0 | ||
| 010 |
_a978-5-04-225899-2 _94000 |
||
| 021 |
_aRU _bКН-П-25-076984 _9КН-П-25-7459 |
||
| 035 | _a(NLR Aleph) 022716703 | ||
| 090 |
_a13650076 _c13650076 |
||
| 100 | _a20260203d2025 u y0rusy50 ca | ||
| 101 | 1 |
_arus _cjpn |
|
| 102 | _aRU | ||
| 105 | _aa|||z|||000ay | ||
| 181 | 0 |
_ai3 _baxxe |
|
| 182 | 0 | _an | |
| 200 | 1 |
_aНичья на карусели _eсборник _fХаруки Мураками _gперевод с японского Юлии Чинаревой |
|
| 203 |
_aТекст _bвизуальный _cнепосредственный |
||
| 210 |
_aМосква _cЭксмо _d2025 (макет 2026) |
||
| 215 |
_a220, [2] с. _cил. _d19 _eприл. [1] цв. закладка |
||
| 225 | 1 |
_aМаскот _eпутешествие в Азию с белым котом |
|
| 320 | _aДр. кн. авт. на 4-й с. обл. | ||
| 327 | 1 | _aСодерж.: Ледерхозен; Мужчина в такси; У бассейна; Почившей принцессе; Рвота 1979; Укрытие от дождя; Бейсбольное поле; Охотничий нож | |
| 333 | _a18+ | ||
| 686 | 1 | _aШ6(5Я)67-440.4{Лх2318-50} | |
| 700 | 1 |
_aМураками _bХ. _f1949- _gХаруки _3RU\NLR\AUTH\7713342 |
|
| 702 | 1 |
_aЧинарёва _bЮ. Ф. _gЮлия Феликсовна _3RU\NLR\AUTH\770286523 _4730 |
|
| 942 | _cBOOK | ||
| 980 | _aNB | ||